| 000 | 00812nam a2200193 i 4500 | ||
|---|---|---|---|
| 001 | 41955 | ||
| 003 | ES-MaACL | ||
| 005 | 20231229063012.0 | ||
| 007 | t| | ||
| 008 | 030312s1931 sp ||||1| spa d | ||
| 100 | 1 |
_aCastán Tobeñas, José, _d1889-1969 _936392 |
|
| 245 | 1 | 4 |
_aLos sistemas sociales contemporáneos y sus direcciones convergentes / _cdiscurso leído en la solemne apertura del curso académico de 1931 a 1932 por José Castán Tobeñas. |
| 260 |
_aValencia : _b[s.n., _c1931] ( _fImp. Hijo F. Vives Mora) |
||
| 300 |
_a119 p. ; _c24 cm. |
||
| 490 | 1 |
_aAnales de la Universidad de Valencia. Año XII, 1931-1932. Cuaderno ; _v89 |
|
| 830 | 0 |
_aAnales de la Universidad de Valencia. Año XII, 1931-1932. Cuaderno ; _v89 _9229810 |
|
| 852 |
_aES-MaACL _j1876-F-6 _bR.25073 |
||
| 999 |
_c41955 _d41955 |
||